| 000 | 00671cab a2200241 4500 | ||
|---|---|---|---|
| 001 | X77231 | ||
| 008 | 090401t1997 xxu||||| |||| 00| 0 eng d | ||
| 035 | _a(Sirsi) u77231 | ||
| 041 | _aeng | ||
| 100 | _aGreen, A. | ||
| 245 | _aCapital allowances curtailed | ||
| 260 | _c1997 | ||
| 350 | _a0 | ||
| 490 |
_aTaxation _v138(3596) 6 March 1997, 650-653(4) |
||
| 520 | _aExamines how the Finance Bill will affect capital allowances on long-life assets and fixtures. | ||
| 650 | _aCAPITAL ALLOWANCES ACT 1990 | ||
| 650 | _aCAPITAL ALLOWANCES | ||
| 650 | _aFINANCE BILL | ||
| 650 | _aLONG-LIFE ASSETS | ||
| 690 | _aTAXATION | ||
| 942 | _n0 | ||
| 948 | _c20/03/1997 | ||
| 999 |
_c48552 _d48552 |
||